| 000 | 01026 a2200181 4500 | ||
|---|---|---|---|
| 003 | Nust | ||
| 005 | 20220816134416.0 | ||
| 040 | _cNust | ||
| 082 | _a621.382,MAH | ||
| 100 |
_aMahler, Paul _997472 |
||
| 245 |
_aVoIP Telephony With Asterisk : _bA Technical Overview of the open Source PBX / _cPaul Mahler |
||
| 260 | _aMahler, P.S | ||
| 300 | _a211p; | ||
| 505 | _aIntroduction (Page-11), Asterisk Architecture (Page-23), Connectivity (Page-31), Designing Your System (Page-36), Install Linux and Asterisk (Page-45), Asterisk Configuration (Page-54), SIP Configuration (Page-85), Zaptel Configuration (Page-93), IAX Configuration (Page-118), Application Configuration (Page-126), Run and Manage Asterisk (Page-135), Your First Configuration (Page-147), Cisco (Page-153), SNOM Telephones (Page-168), T-Carrier and SONET(Page-169), Network and Signaling (Page-177), Glossary (Page-189), Checklist (Page-206). | ||
| 650 | _aTelecommunication engineering | ||
| 651 |
_aVoIP Telephony With Asterisk _997473 |
||
| 942 |
_cREF _2ddc |
||
| 999 |
_c198627 _d198627 |
||